Minecraft - nazwy aktualizacji - Statystyki

Ogólne statystyki
  • Ten quiz został rozwiązany 91 razy
    23 od ostatniego zresetowania
  • Średni wynik to 11 z 21
Statystyki odpowiedzi
wersja nazwa aktualizacji % Poprawnych
1.16 Nether Update
82%
1.14 Village and Pillage
82%
1.15 Buzzy Bees
76%
1.8 Bountiful Update
71%
Beta 1.8 Adventure Update
65%
1.0 Adventure Update
65%
1.5 Redstone Update
65%
1.19 The Wild Update
65%
1.13 The Update Aquatic
59%
1.12 World of Color Update
59%
1.17 Caves & Cliffs Part 1
53%
1.18 Caves & Cliffs Part 2
53%
1.6 Horse Update
53%
1.4 Pretty Scary Update
47%
1.10 The Frostburn Update
47%
1.20 Trails and Tales
47%
1.9 Combat Update
41%
1.11 Exploration Update
35%
Alpha 1.2 Halloween Update
24%
1.7 The Update that Changed the World
24%
1.21 Tricky Trials
24%
Nie znaleziono quizów pasujących do podanych kryteriów
Rozkład punktacji
Procent ludzi z każdym wynikiem
Percentyl według liczby udzielonych odpowiedzi
Twoja historia wyników
Nie rozwiązałeś tego quizu od ostatniego zresetowania